Adaptívny manažment ako efektívny nástroj interného marketingu diplomová práca

Na minha lista:
Detalhes bibliográficos
Autor principal: Štuller, Pavol, 1975-
Autor Corporativo: Obchodná fakulta EU. Katedra marketingu
Outros Autores: Drábik, Peter, 1981-
Formato: Livro
Idioma:eslovaco
Publicado em: Bratislava 2025
Tags: Adicionar Tag
Sem tags, seja o primeiro a adicionar uma tag!

MARC

LEADER 00000nbm a2200000 4500
001 0310113
005 20251104122529.4
041 0 |a slo 
044 |a SK 
245 1 0 |a Adaptívny manažment ako efektívny nástroj interného marketingu  |b diplomová práca  |c Pavol Štuller ; školiteľ: Peter Drábik 
264 1 |a Bratislava  |c 2025 
300 |a 84 s. 
100 1 |a Štuller, Pavol, 1975- 
700 1 |a Drábik, Peter, 1981- 
710 2 |a Obchodná fakulta EU. Katedra marketingu